[Event "Dortmund Sparkassen op-B 44th"]
[Site "Dortmund"]
[Date "2016.07.11"]
[Round "3"]
[White "Baschin, Wolf Hajo"]
[Black "Unkrig, Frank"]
[Result "1-0"]
[WhiteElo "1610"]
[BlackElo "1520"]
[PlyCount "83"]
[EventDate "2016.07.09"]
[EventType "swiss"]
[EventRounds "9"]
[EventCountry "GER"]
[SourceTitle "CBM 173 Extra"]
[Source "ChessBase"]
[SourceDate "2016.08.29"]
[SourceVersion "1"]
[SourceVersionDate "2016.08.29"]
[SourceQuality "1"]

1. d4 Nf6 2. Nf3 e6 3. Bf4 d5 4. e3 c5 5. c3 Nc6 6. Nbd2 a6 7. a4 c4 8. b3 cxb3 9. Qxb3 Bd6 10. Bg3 Bxg3 11. hxg3 Qc7 12. Bd3 Bd7 13. Rb1 Rb8 14. c4 Qa5 15. c5 Na7 16. Bc2 g6 17. Qb6 Qxb6 18. Rxb6 Ke7 19. 0-0 Rhc8 20. Rfb1 Bc6 21. Ne5 Nd7 22. Nxc6+ Nxc6 23. Rxb7 Rxb7 24. Rxb7 Rb8 25. Rxb8 Ndxb8 26. Kf1 a5 27. Ke2 Kf6 28. Kd3 Nb4+ 29. Kc3 Nxc2 30. Kxc2 Nc6 31. Nb3 e5 32. f3 Ke6 33. Kc3 f5 34. dxe5 Kxe5 35. Nd4 Na7 36. Kd3 Kf6 37. e4 fxe4+ 38. fxe4 dxe4+ 39. Kxe4 Ke7 40. Kd5 Kd7 41. c6+ Ke7 42. Kc5 1-0